000 00482nam a2200181Ia 4500
008 221030s9999 xx 000 0 und d
020 _a8178085712
041 _aEnglish
082 _a105.23
_bSta
100 _aH. Stark
245 0 _aProbability & Random Processes with Applications to Signal Processing
_cby H. Stark, J. W. Woods
250 _a3rd
260 _bPearson Education
_aNew Delhi
_c2002
300 _a689
650 _aECE
700 _aJ. W. Woods
942 _cBK
999 _c5939
_d5939